书目信息 |
| 题名: |
原位成型微织构陶瓷刀具
|
|
| 作者: | 冯益华, , 袁培东 , 田园 著 | |
| 分册: | ||
| 出版信息: | 北京 中国纺织出版社有限公司 2020.01 |
|
| 页数: | 187页 | |
| 开本: | 24cm | |
| 丛书名: | ||
| 单 册: | ||
| 中图分类: | TG711 | |
| 科图分类: | ||
| 主题词: | 织构--zhi gou--陶瓷刀具 | |
| 电子资源: | ||
| ISBN: | 978-7-5180-6921-7 | |
| 000 | 01100nam0 2200277 450 | |
| 001 | 0100015775 | |
| 005 | 20201024210217.0 | |
| 010 | @a978-7-5180-6921-7@dCNY88.00 | |
| 100 | @a20200426d2020 em y0chiy50 ea | |
| 101 | 0 | @achi |
| 102 | @aCN@b110000 | |
| 105 | @aa a 000yy | |
| 106 | @ar | |
| 200 | 1 | @a原位成型微织构陶瓷刀具@Ayuan wei cheng xing wei zhi gou tao ci dao ju@f冯益华, 袁培东, 田园等著 |
| 210 | @a北京@c中国纺织出版社有限公司@d2020.01 | |
| 215 | @a187页@c图@d24cm | |
| 314 | @a冯益华, 工学博士, 齐鲁工业大学教授, 硕士研究生导师, 九三学社社员。 | |
| 320 | @a有书目 (第173-187页) | |
| 330 | @a本书着重论述了原位成型微织构陶瓷刀具的制备原理和制备工具, 分析了微结构陶瓷刀具不同形貌的仿真状态, 阐述了原位成型微结构陶瓷刀具的微观结构与力学性能, 同时介绍了原位成型微结构陶瓷刀具的摩擦磨损特性和切削性能及其减摩耐磨机理等。 | |
| 606 | 0 | @a织构@Azhi gou@x陶瓷刀具 |
| 690 | @aTG711@v5 | |
| 701 | 0 | @a冯益华,@Afeng yi hua@f1965-@4著 |
| 701 | 0 | @a袁培东@Ayuan pei dong@4著 |
| 701 | 0 | @a田园@Atian yuan@4著 |
| 801 | 0 | @aCN@c20200426 |
| 905 | @a河南城建学院图书馆@dTG711@f2@eF532 | |
| 原位成型微织构陶瓷刀具/冯益华, 袁培东, 田园等著.-北京:中国纺织出版社有限公司,2020.01 |
| 187页:图;24cm |
| ISBN 978-7-5180-6921-7:CNY88.00 |
| 本书着重论述了原位成型微织构陶瓷刀具的制备原理和制备工具, 分析了微结构陶瓷刀具不同形貌的仿真状态, 阐述了原位成型微结构陶瓷刀具的微观结构与力学性能, 同时介绍了原位成型微结构陶瓷刀具的摩擦磨损特性和切削性能及其减摩耐磨机理等。 |
| ● |
| 相关链接 |
|
|
|
正题名:原位成型微织构陶瓷刀具
索取号:TG711/F532
 
预约/预借
| 序号 | 登录号 | 条形码 | 馆藏地/架位号 | 状态 | 备注 |
| 1 | 1496970 | 214969701 | 自科库501/501自科库 29排1列5层/ [索取号:TG711/F532] | 在馆 | |
| 2 | 1496971 | 214969710 | 自科库501/501自科库 29排1列5层/ [索取号:TG711/F532] | 在馆 |